| 000 | 00576nam a2200181 a 4500 | ||
|---|---|---|---|
| 005 | 20140310183456.0 | ||
| 008 | 091110s19uu xx 00 eng d | ||
| 020 | _a0814472915 | ||
| 050 |
_aHF 5438.25 _b.Sa265 2006 |
||
| 100 | _aSant, Tom | ||
| 245 |
_aThe Giants of sales : _bwhat Dale Carnegie, John Patterson, Elmer Wheeler, and Joe Girard can teach you about real sales success / _cTom Sant. |
||
| 260 |
_aNew York : _bAMACOM, _c2006. |
||
| 300 |
_a228 p. : _c24 cm. |
||
| 650 | _aSelling. | ||
| 650 | _aSales Management. | ||
| 942 |
_cBK _2lcc _kFOR |
||
| 999 |
_c23625 _d23625 |
||